000 01135cam a22004094i 4500
003 PE-LiUPU
005 20250731173236.0
008 150625s1932 fr r 000 0 fre d
035 _a(Sirsi) a35015
040 _aPE-LiUPU
_bspa
_cPE-LiUPU
_dPE-LiUPU
_erda
049 _aPRUA
082 0 4 _a231.5
_bG241p
_223
100 1 _aGarrigou-Lagrage, Réginald,
_eautor.
245 1 3 _aLa providence et la confiance en Dieu /
_cRéginald Garrigou-Lagrange.
264 1 _aParis :
_bDesclée De Brouwer,
_c1932.
300 _a410 páginas ;
_c20 centímetros.
336 _atext
_2rdacontent
337 _aunmediated
_2rdamedia
338 _avolume
_2rdacarrier
505 0 _aLa providence et la confiance en Dieu.
526 _aSEG42
526 _aSEG41
526 _aSEG40
526 _aSEG39
526 _aP94
526 _aP87
526 _aP86
526 _aP85
526 _aP77
526 _aP76
526 _aP35
650 1 4 _aProvidencia divina.
650 2 4 _aFe en Dios
_93795
942 _2ddc
_cBK
999 _c42936
_d42936
980 _81
_gALBERTO SANCHEZ Responsable de Automatización